000 00654nam a2200241Ia 4500
003 OSt
005 20220918164730.0
006 a|||||r|||| 00| 0
007 ta
008 220917b |||||||| |||| 00| 0 eng d
020 _a0720436060
024 _a246,508
037 _cTextual
040 _aARTS
_cARTS
_beng
041 _2eng
_aeng
082 _aX:7:(B), L6
100 _aHildenbrand W.
_920364
245 0 _aIntroduction to equilibrium analysis
_b Variations on themes
260 _aAmsterdam
_bNorth Holland pub
_c1976
300 _a216p.
_ccm.
942 _hX:7:(B), L6
_cTEXL
_2CC
999 _c126241
_d126241